[Event "HUN-chT2 Toth 1819"]
[Site "Hungary"]
[Date "2018.10.07"]
[Round "2.11"]
[White "Kralik, Attila"]
[Black "Bacsi, Kristof1111"]
[Result "1-0"]
[WhiteElo "1681"]
[BlackElo "1661"]
[PlyCount "83"]
[EventDate "2018.09.23"]
[EventType "team-tourn"]
[EventRounds "11"]
[EventCountry "HUN"]
[SourceTitle "EXT 2021"]
[Source "ChessBase"]
[SourceDate "2020.10.23"]
[SourceVersion "1"]
[SourceVersionDate "2020.10.23"]
[SourceQuality "1"]
[WhiteTeam "Mako Duocor II"]
[BlackTeam "Oroshaza"]
[WhiteTeamCountry "HUN"]
[BlackTeamCountry "HUN"]

1. Nf3 d5 2. g3 Nf6 3. Bg2 c5 4. 0-0 Nc6 5. d3 e5 6. Nbd2 Be7 7. c3 0-0 8. Qc2 Be6 9. a3 Rc8 10. e4 d4 11. c4 a6 12. Rb1 b5 13. b3 Nd7 14. Ne1 f5 15. f4 Nf6 16. h3 exf4 17. gxf4 Nh5 18. e5 bxc4 19. bxc4 Bh4 20. Ndf3 Be7 21. Qa4 Bd7 22. Qc2 h6 23. Nh2 Bh4 24. Nef3 Bg3 25. Ne1 Qa5 26. Bd2 Qc7 27. Qd1 Be8 28. Bd5+ Kh8 29. Ng2 Qe7 30. Bf3 Qf7 31. Rb6 Qg6 32. Qe2 Bxh2+ 33. Kxh2 Qg3+ 34. Kg1 Qxh3 35. Be1 Ng3 36. Bxg3 Qxg3 37. Rxa6 Ne7 38. Bh5 g6 39. Rf3 Qxg2+ 40. Qxg2 gxh5 41. Rg3 Rg8 42. Rxh6# 1-0

[Event "HUN-chT2 Toth 1516"]
[Site "Hungary"]
[Date "2016.04.03"]
[Round "10.11"]
[White "Kralik, Attila"]
[Black "Rescsik, Dora"]
[Result "1-0"]
[WhiteElo "1749"]
[BlackElo "1299"]
[PlyCount "113"]
[EventDate "2015.09.13"]
[EventType "team-tourn"]
[EventRounds "11"]
[EventCountry "HUN"]
[SourceTitle "EXT 2017"]
[Source "ChessBase"]
[SourceDate "2016.10.25"]
[SourceVersion "1"]
[SourceVersionDate "2016.10.25"]
[SourceQuality "1"]
[WhiteTeam "Mako SVSE II"]
[BlackTeam "Roszke"]
[WhiteTeamCountry "HUN"]
[BlackTeamCountry "HUN"]

1. Nf3 e6 2. g3 d5 3. Bg2 Nf6 4. 0-0 b6 5. c4 Bb7 6. Ne5 Bd6 7. Qa4+ c6 8. d4 Qc7 9. Bf4 0-0 10. Nc3 Nbd7 11. cxd5 exd5 12. Nxd7 Qxd7 13. Bg5 Qf5 14. Bd2 Rfe8 15. Rac1 a5 16. Qd1 Re7 17. Na4 Bc7 18. b4 Nd7 19. bxa5 bxa5 20. Rc3 Qf6 21. Bc1 Ba6 22. Re1 Bb5 23. Bxd5 Nb6 24. Nxb6 Bxb6 25. Rf3 Qxd4 26. Qxd4 Bxd4 27. Bb3 Bf6 28. e3 Bc3 29. Ba3 Rd7 30. Rd1 Rxd1+ 31. Bxd1 Bc4 32. e4 Bf6 33. Ba4 Bb5 34. Bb3 a4 35. Bxf7+ Kxf7 36. e5 Re8 37. Bb2 Re6 38. h4 Ke7 39. exf6+ gxf6 40. Ba3+ Kf7 41. Bb4 Kg6 42. a3 Bc4 43. Rf4 Be2 44. Bc3 Bb5 45. Rg4+ Kf7 46. h5 Rd6 47. h6 Rd1+ 48. Kh2 Be2 49. Rg7+ Ke6 50. g4 f5 51. Rxh7 f4 52. Bb4 Kf6 53. Kg2 Bd3 54. Rh8 Rc1 55. Rg8 Rc2 56. g5+ Ke6 57. Kf3 1-0

[Event "HUN-chT2 Toth 1516"]
[Site "Hungary"]
[Date "2016.02.28"]
[Round "8.10"]
[White "Nagy, Noemi"]
[Black "Kralik, Attila"]
[Result "1/2-1/2"]
[WhiteElo "1531"]
[BlackElo "1749"]
[PlyCount "109"]
[EventDate "2015.09.13"]
[EventType "team-tourn"]
[EventRounds "11"]
[EventCountry "HUN"]
[SourceTitle "EXT 2017"]
[Source "ChessBase"]
[SourceDate "2016.10.25"]
[SourceVersion "1"]
[SourceVersionDate "2016.10.25"]
[SourceQuality "1"]
[WhiteTeam "Felegyhaza Csongrad"]
[BlackTeam "Mako SVSE II"]
[WhiteTeamCountry "HUN"]
[BlackTeamCountry "HUN"]

1. c4 Nf6 2. Nc3 g6 3. g3 Bg7 4. Bg2 0-0 5. e3 c6 6. d4 d6 7. Nge2 Nbd7 8. 0-0 Rb8 9. b3 c5 10. Bb2 b6 11. Rb1 Bb7 12. d5 a6 13. a4 Bc8 14. Ne4 b5 15. axb5 axb5 16. Qc2 Ne5 17. Nxf6+ exf6 18. Bxe5 fxe5 19. Rfe1 Bf5 20. e4 Bd7 21. f4 f5 22. Rbd1 bxc4 23. bxc4 fxe4 24. Bxe4 Bg4 25. fxe5 Bxe5 26. Rd2 Qf6 27. Nf4 Rb2 28. Qd3 Bd4+ 29. Kh1 Rfb8 30. Rxb2 Rxb2 31. Bf3 Bxf3+ 32. Qxf3 Rf2 33. Qg4 Qf5 34. Qxf5 gxf5 35. Rc1 Be3 36. Nh3 Re2 37. Rf1 Rc2 38. Rxf5 Rxc4 39. Rf6 Rc2 40. Rxd6 Rd2 41. Re6 Bd4 42. Nf4 c4 43. d6 Bb6 44. d7 Ba5 45. Ra6 Bc7 46. Rc6 Rxd7 47. Rxc4 Kf7 48. Kg2 Be5 49. Re4 Bc3 50. Kf3 Rd2 51. Re2 Rd7 52. h4 Rd6 53. Ke4 h6 54. Nd5 Be1 55. Rg2 1/2-1/2

[Event "HUN-chT2 Toth 1516"]
[Site "Hungary"]
[Date "2015.12.06"]
[Round "6.10"]
[White "Brhlik, Gyorgy"]
[Black "Kralik, Attila"]
[Result "1-0"]
[WhiteElo "1993"]
[BlackElo "1749"]
[PlyCount "125"]
[EventDate "2015.09.13"]
[EventType "team-tourn"]
[EventRounds "11"]
[EventCountry "HUN"]
[SourceTitle "CBM 170 Extra"]
[Source "ChessBase"]
[SourceDate "2016.02.25"]
[SourceVersion "1"]
[SourceVersionDate "2016.02.25"]
[SourceQuality "1"]
[WhiteTeam "Bekes"]
[BlackTeam "Mako SVSE II"]
[WhiteTeamCountry "HUN"]
[BlackTeamCountry "HUN"]

1. e4 c5 2. Nc3 Nc6 3. Bb5 g6 4. Bxc6 bxc6 5. f4 Bg7 6. Nf3 Nf6 7. d3 d6 8. 0-0 0-0 9. Qe1 Qc7 10. Bd2 Rb8 11. Rb1 Bd7 12. b3 Rfe8 13. Kh1 Qc8 14. Qh4 Nh5 15. Ne2 Bf6 16. Qf2 Bg7 17. h3 Nf6 18. Nh4 Rf8 19. Rg1 d5 20. Nc3 Nh5 21. Rgf1 Bd4 22. Qf3 Bf6 23. Be1 e5 24. f5 Qd8 25. g3 c4 26. Ng2 cxb3 27. axb3 dxe4 28. dxe4 Bg7 29. Ne3 Nf6 30. g4 g5 31. Ra1 Qc7 32. Nc4 Bc8 33. Bg3 Nd7 34. Qe3 f6 35. Rxa7 Rb7 36. Ra8 Nb8 37. Na5 Rb6 38. Nc4 Ra6 39. Ra1 Rxa1+ 40. Rxa1 Rd8 41. Ra7 Bb7 42. Na5 Bf8 43. Nxb7 Rd4 44. Ra4 Rxa4 45. Nxa4 Qxb7 46. Be1 Qb5 47. Kg2 Nd7 48. Nb2 Bc5 49. Qd3 Qb7 50. Nc4 Bf8 51. Kf3 Nc5 52. Qd1 Kg7 53. Na5 Qb5 54. c4 Qa6 55. b4 Nxe4 56. Kxe4 Qa7 57. c5 Bxc5 58. bxc5 Qxc5 59. Qd7+ Kg8 60. Qxc6 Qd4+ 61. Kf3 Qd3+ 62. Kg2 e4 63. Qc4+ 1-0

[Event "HUN-chT2 Toth 0809"]
[Site "Hungary"]
[Date "2009.03.08"]
[Round "9.12"]
[White "Kralik, Attila"]
[Black "Kurilla, Miklos"]
[Result "0-1"]
[WhiteElo "1893"]
[BlackElo "1586"]
[PlyCount "72"]
[EventDate "2008.10.26"]
[EventType "team-tourn"]
[EventRounds "11"]
[EventCountry "HUN"]
[SourceTitle "EXT 2010"]
[Source "ChessBase"]
[SourceDate "2010.11.25"]
[SourceVersion "1"]
[SourceVersionDate "2010.11.25"]
[SourceQuality "1"]
[WhiteTeam "Mako II"]
[BlackTeam "Mezobereny"]
[WhiteTeamCountry "HUN"]
[BlackTeamCountry "HUN"]

1. d4 Nf6 2. c4 c6 3. Nc3 d5 4. Nf3 e6 5. Bg5 Be7 6. e3 0-0 7. Bxf6 Bxf6 8. cxd5 cxd5 9. Bd3 Nc6 10. Rc1 Qb6 11. b3 Nb4 12. Bb1 Bd7 13. 0-0 Rac8 14. a3 Na6 15. e4 dxe4 16. Nxe4 Be7 17. Qd3 g6 18. Ne5 Bb5 19. Nc4 Bxc4 20. bxc4 Rfd8 21. Rfd1 Qa5 22. Rc3 Nc5 23. Nxc5 Bxc5 24. Qh3 Rxd4 25. Rdc1 Rcd8 26. Bc2 Rd2 27. Kh1 Bd4 28. Rg3 Rxc2 29. Qh6 Qd2 30. Qxd2 Rxd2 31. Rb3 Bxf2 32. h3 Rd1+ 33. Rxd1 Rxd1+ 34. Kh2 b6 35. g4 Rc1 36. Kg2 Bc5 0-1